000 00306nam a22001337a 4500
008 180129b xxu||||| |||| 00| 0 eng d
020 _a0801641721
041 _aeng
080 _a616.31
100 _a5
101 _aSTO
245 _aContemporary fixed prosthondotics
_cRosenstiel,S.F
942 _2udc
_cBK
999 _c41153
_d41153